| 000 | 00817cam a22002413a 4500 | ||
|---|---|---|---|
| 001 | 17009 | ||
| 003 | PGUSA | ||
| 005 | 20140828083349.0 | ||
| 008 | 051105s2005||||xxu|||||s|||||000 | eng d | ||
| 040 |
_aPGUSA _beng |
||
| 042 | _adc | ||
| 050 | 4 | _aBF | |
| 100 | 1 |
_aBlavatsky, H. P. _q(Helena Petrovna), _d1831-1891 |
|
| 245 | 1 | 0 |
_aStudies in Occultism; A Series of Reprints from the Writings of H. P. Blavatsky : _bNo. 1: Practical Occultism—Occultism versus the Occult Arts—The Blessings of Publicity _h[electronic resource] / _cH. P. Blavatsky |
| 260 |
_bProject Gutenberg, _c2005 |
||
| 506 | _aPublic domain in the USA. | ||
| 516 | _aElectronic text | ||
| 653 | _aTheosophy | ||
| 653 | _aOccultism | ||
| 830 | 0 |
_aProject Gutenberg _v17009 |
|
| 856 | 4 | 0 | _uhttp://www.gutenberg.org/ebooks/17009 |
| 942 | _cEB | ||
| 999 |
_c246264 _d246264 |
||